Sound waves and acoustic emission / (Record no. 172507)
[ view plain ]
| 000 -LEADER | |
|---|---|
| fixed length control field | 01061nam a22003018i 4500 |
| 001 - CONTROL NUMBER | |
| control field | 020860934 |
| 003 - CONTROL NUMBER IDENTIFIER | |
| control field | Uk |
| 005 - DATE AND TIME OF LATEST TRANSACTION | |
| control field | 20260203110904.0 |
| 008 - FIXED-LENGTH DATA ELEMENTS--GENERAL INFORMATION | |
| fixed length control field | 221215s2023 sz a 000|0|eng|d |
| 020 ## - INTERNATIONAL STANDARD BOOK NUMBER | |
| International Standard Book Number | 9783031237881 (hardback) |
| 040 ## - CATALOGING SOURCE | |
| Original cataloging agency | StDuBDS |
| Language of cataloging | eng |
| Transcribing agency | NUST |
| Description conventions | rda |
| Modifying agency | NUST |
| 050 ## - LIBRARY OF CONGRESS CALL NUMBER | |
| Classification number | QC355.7 BAR |
| 100 1# - MAIN ENTRY--PERSONAL NAME | |
| Personal name | Barile, Claudia, |
| Relator term | author. |
| 245 10 - TITLE STATEMENT | |
| Title | Sound waves and acoustic emission / |
| Statement of responsibility, etc. | Claudia Barile. |
| 260 ## - PUBLICATION, DISTRIBUTION, ETC. | |
| Place of publication, distribution, etc. | Italy ; |
| Name of publisher, distributor, etc. | Springer, |
| Date of publication, distribution, etc. | ©2023. |
| 300 ## - PHYSICAL DESCRIPTION | |
| Extent | viii, 60 pages. |
| Other physical details | illustrations (black and white) ; |
| Dimensions | 24 cm. |
| 336 ## - CONTENT TYPE | |
| Content type term | text |
| Source | rdacontent |
| Content type code | txt |
| 337 ## - MEDIA TYPE | |
| Media type term | unmediated |
| Source | rdamedia |
| Media type code | n |
| 338 ## - CARRIER TYPE | |
| Carrier type term | volume |
| Source | rdacarrier |
| Carrier type code | nc |
| 440 ## - SERIES STATEMENT/ADDED ENTRY--TITLE | |
| Title | Synthesis Lectures on Wave Phenomena in the Physical Sciences. |
| 504 ## - BIBLIOGRAPHY, ETC. NOTE | |
| Bibliography, etc. note | Includes Bibliographical References and Index. |
| 650 #0 - SUBJECT ADDED ENTRY--TOPICAL TERM | |
| Topical term or geographic name entry element | Acoustic emission. |
| 650 #0 - SUBJECT ADDED ENTRY--TOPICAL TERM | |
| Topical term or geographic name entry element | Sound-waves. |
| 700 1# - ADDED ENTRY--PERSONAL NAME | |
| Personal name | Casavola, Caterina, |
| Relator term | author. |
| 700 1# - ADDED ENTRY--PERSONAL NAME | |
| Personal name | Pappalettera, Giovanni, |
| Relator term | author. |
| 700 1# - ADDED ENTRY--PERSONAL NAME | |
| Personal name | Kannan, Vimalathithan Paramsamy, |
| Relator term | author. |
| 942 ## - ADDED ENTRY ELEMENTS (KOHA) | |
| Source of classification or shelving scheme | Library of Congress Classification |
| Suppress in OPAC | No |
| Koha item type | Reference Material |
| Call number prefix | QC |
| Call number suffix | BAR |
| Classification part | QC355.7 BAR |
| Withdrawn status | Lost status | Source of classification or shelving scheme | Damaged status | Not for loan | Collection | Home library | Current library | Shelving location | Date acquired | Source of acquisition | Cost, normal purchase price | Total Checkouts | Full call number | Barcode | Date last seen | Accession number | Cost, replacement price | Price effective from | Koha item type | Public note |
|---|---|---|---|---|---|---|---|---|---|---|---|---|---|---|---|---|---|---|---|---|
| LCC | NFIC | MAIN | MAIN | GEN | 11/24/2025 | Book Aid International | 128.00 | QC355.7 BAR | 92004055730 | 11/24/2025 | 61671 | 128.00 | 11/24/2025 | BOOKS | Donation |